Punch-card methods in research and documentation, (Record no. 134872)
[ view plain ]
| 000 -LEADER | |
|---|---|
| fixed length control field | 01219cam5a220028900 4500 |
| 001 - CONTROL NUMBER | |
| control field | lce00557680 |
| 008 - FIXED-LENGTH DATA ELEMENTS--GENERAL INFORMATION | |
| fixed length control field | 830923s1961 nyua b 000 0 eng |
| 010 ## - LIBRARY OF CONGRESS CONTROL NUMBER | |
| LC control number | 61009065 /L/r83 |
| 035 ## - SYSTEM CONTROL NUMBER | |
| System control number | (Sirsi) r87399 |
| 035 ## - SYSTEM CONTROL NUMBER | |
| System control number | (DLC) 61009065 /L/r83 |
| 035 ## - SYSTEM CONTROL NUMBER | |
| System control number | (UPRA)lce00557680 |
| 040 ## - CATALOGING SOURCE | |
| Original cataloging agency | DLC/ICU |
| Transcribing agency | ICU |
| 041 1# - LANGUAGE CODE | |
| Language code of text/sound track or separate title | eng ger |
| Language code of original | eng ger |
| 050 0# - LIBRARY OF CONGRESS CALL NUMBER | |
| Classification number | Q180.A1 |
| Item number | S33 |
| 082 0# - DEWEY DECIMAL CLASSIFICATION NUMBER | |
| Classification number | 010.78 |
| 100 1# - MAIN ENTRY--PERSONAL NAME | |
| Personal name | Scheele, Martin, 1920- |
| Dates associated with a name | Scheele, Martin, 1920- |
| Linkage | A46814.1 |
| 240 10 - UNIFORM TITLE | |
| Uniform title | Lochkartenverfahren in Forschung und Dokumentation. English |
| Language of a work | Lochkartenverfahren in Forschung und Dokumentation. English |
| 245 10 - TITLE STATEMENT | |
| Title | Punch-card methods in research and documentation, |
| Remainder of title | with special reference to biology. |
| Statement of responsibility, etc. | Translated from the German by J.E. Holmstrom. |
| 250 ## - EDITION STATEMENT | |
| Edition statement | 1st English ed., based on 2d rev. German ed. |
| 260 ## - PUBLICATION, DISTRIBUTION, ETC. | |
| Place of publication, distribution, etc. | New York, |
| Name of publisher, distributor, etc. | Interscience Publishers, |
| Date of publication, distribution, etc. | 1961. |
| 440 #0 - SERIES STATEMENT/ADDED ENTRY--TITLE | |
| Title | Library science and documentation ; |
| Volume/sequential designation | v. 2 |
| Linkage | S7756.1 |
| 504 ## - BIBLIOGRAPHY, ETC. NOTE | |
| Bibliography, etc. note | Includes bibliographical references. |
| 650 #0 - SUBJECT ADDED ENTRY--TOPICAL TERM | |
| Topical term or geographic name entry element | Punched card systems. |
| Linkage | S19879.2 |
| 650 #0 - SUBJECT ADDED ENTRY--TOPICAL TERM | |
| Topical term or geographic name entry element | Punched card systems -- Biology. |
| General subdivision | Punched card systems -- Biology. |
| Linkage | S36019.1 |
| 949 ## - LOCAL PROCESSING INFORMATION (OCLC) | |
| a | Q180.A1 |
| w | lcc |
| i | 33729000223490 |
| m | MAIN |
| p | 2500 |
| t | BOOK |
| l | ON-SHELF |
No items available.